书目信息 |
| 题名: |
歌唱发音的科学基础
|
|
| 作者: | 林俊卿 著 | |
| 分册: | ||
| 出版信息: | 上海 上海音乐出版社 1962 |
|
| 页数: | 226页 | |
| 开本: | 20cm | |
| 丛书名: | ||
| 单 册: | ||
| 中图分类: | J616.1 | |
| 科图分类: | ||
| 主题词: | 音乐--技术--理论 , 音乐--技术--方法 | |
| 电子资源: | ||
| ISBN: | 7-80553-339-3 | |
| 000 | 00597nam0 2200205 45 | |
| 001 | 0312221749 | |
| 005 | 20031222171146.9 | |
| 010 | @a7-80553-339-3@dCNY9.20 | |
| 100 | @a20031222d1962 km y0chiy0120 ea | |
| 101 | @achi | |
| 105 | @a z 000yy | |
| 200 | 1 | @a歌唱发音的科学基础@AGe Chang Fa Yin De Ke Xue Ji Chu@f林俊卿著@FLin Jun Qing Zhu |
| 210 | @a上海@c上海音乐出版社@d1962 | |
| 215 | @a226页@c图@d20cm | |
| 606 | 0 | @a音乐@x技术@x理论 |
| 606 | 0 | @a音乐@x技术@x方法 |
| 690 | @aJ616.1@v3 | |
| 701 | 0 | @a林俊卿@4著 |
| 801 | @aCN@bTSTCL@c20031222 | |
| 905 | @a213230@dJ616.1@e53@b322382-386@f5 | |
| 歌唱发音的科学基础/林俊卿著.-上海:上海音乐出版社,1962 |
| 226页:图;20cm |
| ISBN 7-80553-339-3:CNY9.20 |
| ● |
| 相关链接 |
|
|
|
|
正题名:歌唱发音的科学基础
索取号:J616.1/53
 
预约/预借
| 序号 | 登录号 | 条形码 | 馆藏地/架位号 | 状态 | 备注 |
| 1 | 0322382 | 203223822 | 第一借阅区/ [索取号:J616.1/53] | 在馆 | |
| 2 | 0322383 | 203223831 | 第一借阅区/ [索取号:J616.1/53] | 在馆 | |
| 3 | 0322384 | 203223840 | 第一借阅区/ [索取号:J616.1/53] | 在馆 | |
| 4 | 0322385 | 203223859 | 第一借阅区/ [索取号:J616.1/53] | 在馆 | |
| 5 | 0322386 | 203223868 | 第一样本阅览室/ [索取号:J616.1/53] | 在馆 |